00334nam a2200133Ia 4500003000400000005001700004008004100021040000900062082001800071100001600089245004000105260004600145300000900191OSt20200706100022.0190216s9999||||xx |||||||||||||| ||und|| coclc a945.02bSHA/C aSharma, S R 4aThe Crescent In India /cS R Sharma bLakshmi Narain Agarwal Pub,c1987.aAgra: a620p